Five Biggest Cities by Letter in Each Continent-A - Statistics

General Stats
  • This quiz has been taken 71 times
  • The average score is 16 of 30
Answer Stats
Hint Answer % Correct
#2 Europe-Greece Athens
98%
#1 Europe-Netherlands Amsterdam
97%
#2 Asia-Turkey Ankara
97%
#1 Africa-Egypt Alexandria
94%
#3 Africa-Ethiopia Addis Ababa
90%
#5 Africa-Ghana Accra
89%
#4 Africa-Algeria Algiers
87%
#1 South America-Paraguay Asuncion
86%
#1 North America-United States Atlanta
84%
#2 Oceania-New Zealand Auckland
84%
#2 Africa-Ivory Coast Abidjan
78%
#3 Asia-Kazakhstan Almaty
76%
#1 Oceania-Australia Adelaide
75%
#1 Asia-India Ahmedabad
75%
#4 Asia-Syria Aleppo
75%
#2 North America-United States Austin
71%
#5 Asia-India Agra
51%
#5 Europe-Spain Alicante
38%
#4 Europe-Belgium Antwerpen
37%
#2 South America-Peru Arequipa
30%
#4 North America-Mexico Aguascalientes
22%
#3 Europe-Russia Astrakhan
22%
#5 Oceania-Australia Albury
6%
#4 South America-Brazil Aracaju
5%
#5 North America-Mexico Acapulco de Juarez
0%
#4 Oceania-Australia Adelaide Hills
0%
#3 North America-Mexico Alvaro Obregon
0%
#5 South America-Brazil Ananindeua
0%
#3 South America-Brazil Aparecida de Goiania
0%
#3 Oceania-Australia Armadale
0%
No matching quizzes found
Score Distribution
Percent of People with Each Score
Percentile by Number Answered
Your Score History
You have not taken this quiz